LEADER 01184nam a2200265 i 4500 001 000000223710 003 CaOOAMICUS 005 20250711143543.0 008 140108s1990 it u000 u eng u 013 $a202608 040 $aSeMil$bita 100 1 $aWilde, Oscar <1854-1900>.$0(OLS)http://semarc/name/19341 245 14$aThe dandy and his soul :$ba house of pomegranates ; Poems in prose /$cby Oscar Wilde ; a cura di L. Noja Gelli e M. Villone. 264 1$aNapoli :$bEditrice Ferraro,$c1990. 300 $a160 p. ;$c23 cm. 490 1 $aNuova collana di classici in inglese ;$v2 700 1 $aVillone, Marina.$0(OLS)http://semarc/name/13193 700 1 $aNoja Gelli, Luciana.$0(OLS)http://semarc/name/77993 830 0$aNuova collana di classici in inglese ;$v2.$0(OLS)http://semarc/title/39236 850 $aSeMil 852 $aSeMil$W1$xVenegono$y1$m1V III 33$j174056$B174056$CSeMilBibl$Z2$F187095 $81 961 $aOmaggio: Altro 996 $6245$aThe dandy and his soul :$ba house of pomegranates ; Poems in prose$9(OLS)http://semarc/title/320767 996 $6264$aNapoli :$bEditrice Ferraro$9(OLS)http://semarc/publisher/36007 LEADER 00782nam a2200181 i 4500 001 000000258974 003 CaOOAMICUS 005 20180622000000.0 008 180622s1898 xx u000 u ger u 013 $a237882 040 $aSeMil$bita 100 1 $aFurtwängler, Wilhelm <1886-1954>.$0(OLS)http://semarc/name/66920 245 10$aGeodäsie und Geophysik. 1. Theil /$credigiert von Ph. Furtwängler und E. Wiechert. 300 $a372 p. ;$c25 cm. 773 0 $tEncyklopädie der mathematischen Wissenschaften mit Einschluss ihrer Anwendungen.$dLeipzig : B. G. Teubner, 1898-1923.$gBd.6$w()31361 850 $aSeMil 852 $aSeMil$W1$xVenegono$y1$m3W V 103 FA$j209319$B209319$CSeMilBibl$Z2$F222983 $8I 996 $6245$aGeodäsie und Geophysik. 1. Theil$9(OLS)http://semarc/title/413840